Central Library, Doon University
WEBOPAC (ONLINE PUBLIC ACCESS CATALOGUE)

Business Intelligence Analytics and Data Science (Record no. 60794)

MARC details
000 -LEADER
fixed length control field 00638nam a22002297a 4500
005 - DATE & TIME
control field 20260514123414.0
008 - FIXED-LENGTH DATA ELEMENTS--GENERAL INFORMATION
fixed length control field 260514b |||||||| |||| 00| 0 eng d
020 ## - ISBN
International Standard Book Number 9789353067021
Price 820.00
040 ## - CATALOGING SOURCE
Original cataloging agency Doon University
041 ## - Language
Language English
082 ## - DDC NUMBER
Classification number 658.472
Book Number SHA
100 ## - MAIN ENTRY--PERSONAL NAME
Personal name Sharda, Ramesh
245 ## - TITLE STATEMENT
Title Business Intelligence Analytics and Data Science
Sub Title : Managerial Perspective
250 ## - EDITION STATEMENT
Edition statement 4th
260 ## - PUBLICATION, DISTRIBUTION, ETC. (IMPRINT)
Place of publication, distribution, etc Noida
Name of publisher, distributor, etc Pearson
Date of publication, distribution, etc 2025
300 ## - PHYSICAL DESCRIPTION
Pages 512
650 ## - Subject
Subject Computer Science (PM (USHA)
700 ## - Added Entry Personal Name
Added Entry Personal Name Delen, Dursun
700 ## - Added Entry Personal Name
Added Entry Personal Name Turban, Efraim
700 ## - Added Entry Personal Name
Added Entry Personal Name King, David
942 ## - ADDED ENTRY ELEMENTS (KOHA)
Koha item type Books
100 ## - MAIN ENTRY--PERSONAL NAME
-- 23158
650 ## - Subject
-- 26808
700 ## - Added Entry Personal Name
-- 23159
700 ## - Added Entry Personal Name
-- 7036
700 ## - Added Entry Personal Name
-- 23160
952 ## - LOCATION AND ITEM INFORMATION (KOHA)
-- 2026-05-14
Holdings
Withdrawn status Lost status Source of classification or shelving scheme Damaged status Not for loan Location (home branch) Sublocation or collection (holding branch) Date acquired Koha issues (times borrowed) Koha full call number Accession No. Koha date last seen Koha item type
        Not For Loan Doon University Doon University 15.05.2026   658.472 SHA 33152 14.05.2026 Reference
Contact : +91-135-2533126 (Library),+91-135-2533105 (Admin Office) , Email : doonlibrary@gmail.com

Powered by Koha